| 000 | 00717nam a22001577a 4500 | ||
|---|---|---|---|
| 003 | OSt | ||
| 005 | 20150917112156.0 | ||
| 008 | 150917b xxu||||| |||| 00| 0 eng d | ||
| 040 | _cRUA | ||
| 082 | _aAGR TOU 2005 B031 Or.1 | ||
| 100 |
_9664 _aTOUN, PRASITH. |
||
| 245 | _aEffect of plant spacing on cauliflower yields in crop station at royal university of agriculture ឥទ្ធិពលចន្លោះគុម្ពលើទិន្នផលដំណាំខាត់ណាផ្កានៅស្ថានីយ៍ដំណាំនៃសាកលវិទ្យាល័យភូមិន្តកសិកម្ម | ||
| 260 |
_aPhnom Penh _bRUA _c2005 |
||
| 300 |
_ax; 51p. _bill. _c29cm. |
||
| 942 |
_2ddc _cAGR |
||
| 999 |
_c641 _d641 |
||